00321nam a2200133Ia 4500008004100000041000800041082001500049100001600064245003400080250001500114260003500129300001600164365000700180240624s9999 xx 000 0 und d aeng a657.42 DER aDERBECK VAN aPRINCIPLES OF COST ACCOUNTING a(12th ed.) c2002aAustraliabSouth Western axiii, : 450 cRS